=LDR 00000nam 2200000 4500 =001 INLIS000000000016627 =990 ##$$a 0001/BPAP-NTB/20142014 =005 20130612111909 =990 ##$$a 0001/BPAP-NTB/20142014 =008 ***********************************Ind** =035 ##$$a0010-061300000016627 =041 ##$$a Ind =082 ##$$a 375.010 4 =090 ##$$a 375.010 4, Suk p =100 ##$$a Sukmadinata, Nona Syaodih =245 ##$$a Pengembangan kurikulum, teori dan prkatek, Prof. DR. Nana Syaodik Sukmadinata ; editor, Mukhlis =260 ##$$a 2002 $b Bandung =300 ##$$a viii, 219 hlm, 24 cm =650 ##$$a Pendidikan-kurikulum-teori prkatek =700 ##$$a Mukhlis =850 ##$$a NBPNMAT =990 ##$$a 0001/BPAP-NTB/20142014 =990 ##$$a 0001/BPAP-NTB/20142014